000 00543nam a2200217Ia 4500
003 OSt
005 20220928150111.0
006 a|||||r|||| 00| 0
007 ta
008 220927b |||||||| |||| 00| 0 eng d
024 _a87664
037 _cTextual
040 _aSDCL
_cSDCL
_beng
041 _2eng
_aeng
082 _aWvM69, J6
100 _aSharma Bishan Sarup
_9515235
245 0 _aGandhi as a political thinker
260 _c1956
942 _hWvM69, J6
_cTEXL
_2CC
999 _c839652
_d839652